MARC

LEADER 00000nam0a2200000 4500
001 308368
005 20231102002104.0
035 |a (RuTPU)RU\TPU\book\333678 
090 |a 308368 
100 |a 20151030d1981 m y0rusy50 ca 
101 0 |a rus 
102 |a RU 
105 |a a z 001zy 
200 1 |a Производство электроизоляционных материалов  |e учебник  |f О. В. Бобылев, А. В. Кудрявцев, Б. И. Левин 
205 |a 4-е изд., перераб. и доп. 
210 |a Москва  |c Высшая школа  |d 1981 
215 |a 255 с.  |c ил. 
225 1 |a Профтехобразование 
320 |a Библиогр.: с. 252 
606 1 |a Электроизоляционная техника  |2 stltpush  |3 (RuTPU)RU\TPU\subj\20044  |9 45189 
610 1 |a электроизоляционные материалы 
610 1 |a производство 
610 1 |a изоляционные смолы 
610 1 |a листовые материалы 
610 1 |a намоточные материалы 
610 1 |a пропитка 
610 1 |a наполнители 
610 1 |a лакоткани 
610 1 |a слоистые материалы 
610 1 |a прессованные материалы 
610 1 |a слюдяные материалы 
610 1 |a испытания 
610 1 |a техника безопасности 
610 1 |a учебники 
675 |a 621.315.61(075.3)  |v 4 
700 1 |a Бобылев  |b О. В.  |g Олег Васильевич 
701 1 |a Кудрявцев  |b А. В.  |g Аркадий Витальевич 
701 1 |a Левин  |b Б. И.  |g Борис Исаакович 
801 1 |a RU  |b 63413507  |c 20151030 
801 2 |a RU  |b 63413507  |c 20191018  |g RCR 
942 |c BK